| 000 | 01604cam a22004094i 4500 | ||
|---|---|---|---|
| 003 | PE-LiUPU | ||
| 005 | 20250731184118.0 | ||
| 008 | 150616s r 000 0 d | ||
| 035 | _a(Sirsi) a8335 | ||
| 040 |
_aPE-LiUPU _bspa _cPE-LiUPU _erda |
||
| 049 | _aPRUA | ||
| 082 | 0 | 4 |
_a869.56 _bH82C _221 |
| 100 | 1 |
_aHuamán Cabrera, Félix, _d1943-, _eautor. |
|
| 245 | 1 | 0 |
_aCandela Quema Luceros / _cFélix Huamán Cabrera. |
| 264 | 1 |
_aLima : _bEdiciones Retama, _c1995. |
|
| 300 |
_a181 páginas ; _c20 cm. |
||
| 336 |
_atext _2rdacontent |
||
| 337 |
_aunmediated _2rdamedia |
||
| 338 |
_avolume _2rdacarrier |
||
| 505 | 0 | _aNovela. | |
| 526 | _aP145 | ||
| 526 | _aP127 | ||
| 526 | _aP97 | ||
| 526 | _aP14 | ||
| 526 | _aP07 | ||
| 650 | 0 | 4 |
_aNovelas peruanas _ySiglo XX. |
| 910 |
_ajck _bjvq _cjck |
||
| 942 |
_2ddc _cBOOK |
||
| 949 |
_a869.56 H82C _wDEWEY _c1 _i42026 _lCCODEBUL1 _mBUL _p00.00 _r0 _sY _tBOOK _u19961125 _xEDUCACION _PP20 _0COMPRA _o.STAFF. Colección General |
||
| 949 |
_a869.56 H82C _wDEWEY _c2 _i42025 _lCCODEBUL1 _mBUL _p00.00 _r0 _sY _tBOOK _u19961125 _xEDUCACION _PP20 _0COMPRA _o.STAFF. Colección General |
||
| 994 |
_aC0 _bPEPRU |
||
| 596 | _a1 | ||
| 999 |
_a869.56 H82C _wDEWEY _c59676 _i42026 _f2021-11-5 _g5 _lCCODEBUL1 _mBUL _r0 _sY _tBOOK _u2015-6-16 _xBIBLIOTECA _PP20 _0COMPRA _o.STAFF. Colección General _d59676 |
||
| 999 |
_a869.56 H82C _wDEWEY _c2 _i42025 _f2021-11-5 _g5 _lCCODEBUL1 _mBUL _r0 _sY _tBOOK _u2015-6-16 _xBIBLIOTECA _PP20 _0COMPRA _o.STAFF. Colección General |
||
| 980 |
_81 _gALBERTO SANCHEZ Responsable de Automatización |
||